| 000 | 01119nam a22003617a 4500 | ||
|---|---|---|---|
| 001 | 053 | ||
| 003 | DO-SdBNP | ||
| 005 | 20180220153511.0 | ||
| 007 | 053 | ||
| 008 | 151005b1995 sp 00| 0 spa d | ||
| 020 | _a8434810050 | ||
| 040 |
_aBPMSU _bspa _cBPMSU |
||
| 082 |
_a833.91 _bV152t |
||
| 092 |
_a _b |
||
| 100 | 1 |
_aValencak, Hannelore, _d1929- |
|
| 240 | 1 | 0 |
_aRegenzauber / _lEspañol |
| 245 | 1 | 0 |
_aEl tesoro del molino viejo / _cHannelore Valencak ; ilustración A. Tello ; traducción Manuel Olasagasti ; colección dirigida por Marinella Terzi |
| 250 | _a17a. ed. | ||
| 260 |
_aMadrid : _bEdiciones SM, _c1995 |
||
| 300 |
_a173 p. : _bil. ; _c20 cm. |
||
| 490 | 1 |
_aEl barco de vapor. _aSerie roja ; _v8 |
|
| 500 | _aA partir de 12 años | ||
| 586 | _aPremio A. M. A. D. E. | ||
| 650 | _aNOVELA JUVENIL AUSTRALIANA | ||
| 700 | 1 | 2 |
_aTello, A. _eil. |
| 700 | 1 | 2 |
_aOlasagasti, Manuel _etrad. |
| 700 | 1 | 2 |
_aTerzi, Marinella _edir. |
| 830 | 0 |
_aBarco de vapor _n8 _pSerie roja |
|
| 910 | _a202 | ||
| 942 |
_2ddc _cBK |
||
| 945 | _aInventariado, 2018 / BT | ||
| 956 |
_aVMATEO _b10 _c20161020 _dBPMSU _f0069 |
||
| 999 |
_c11625 _d11625 |
||